000
00317nam a22001457a 4500
008
210430b ||||| |||| 00| 0 eng d
020
_a
9780465037025
041
_a
eng
080
_a
34
082
_a
34
100
_a
16
101
_a
JUR
245
_a
Justice Genger, and the Family
_c
Okin,S.M
942
_2
udc
_c
BK
999
_c
57062
_d
57062